• 首页
  • 本馆介绍
  • 公告通知
  • 最新文献
  • 馆藏检索
  • 电子资源
  • 读者导购
  • 参考咨询
  • 我的图书馆
  • 登录
  • 详细信息显示
  • 放入我的书架
  • 预约/预借图书
  • 作者相关作品
  • 分类相关作品
  • 丛书相关作品
  • 出版社相关作品

书目信息

  • 表格格式
  • 工作单格式
  • 卡片格式
题名:
我的一生
    
 
作者: 倍倍尔 , Bebel 著 ;薄芝宇 译
分册: 第三卷  
出版信息: 北京   三联书店  1965
页数: 210页
开本: 21cm
丛书名:
单 册:
中图分类: K835.167.4
科图分类:
主题词:
电子资源:
ISBN: 11002.423
000 00902cam0 2200289 450
001 0105503696
005 20070314134102.0
010    @a11002.423@dCNY0.74
091    @a11002.423@dCNY0.74
100    @a19960326d1965 em y0chiy0110 ea
101 1  @achi@cger
102    @aCN@b110000
105    @af z 000ya
106    @ar
200 1  @a我的一生@9Wo De;Di Yi Sheng @f(德)奥古斯特·倍倍尔(A.Bebel)著@g薄芝宇译@h第三卷@b专著
210    @a北京@c三联书店@d1965
215    @a210页@c图@d21cm
500 10 @a我的一生@9wo de yi sheng
510 1  @aAus Meinem Leben@zger
600  0 @a倍倍尔@c(Bebel, August@f1840-1913)@x传记
690    @aK835.167.4@v3
701  1 @c(德)@a倍倍尔@c(Bebel, August@f1840~1913)@9bei bei er@4著
701  1 @aBebel@bA.@4著
702  0 @a薄芝宇@9bo zhi yu@4译
801  0 @aCN@b上海图书馆@c19970403
801  2 @aCN@bAiZhiMarc
905    @aBZT@dK835.16@e61:3@f2@sK835.16/61:3
    
    我的一生/(德)奥古斯特·倍倍尔(A.Bebel)著/薄芝宇译.第三卷.-北京:三联书店,1965
    210页:图;21cm
    
    
    ISBN 11002.423:CNY0.74
    
●
相关链接 在五车中查询图书 在当当中查询图书 在豆瓣中查询图书


正题名:我的一生     索取号:K835.16/61:3         预约/预借

序号 登录号 条形码 馆藏地/架位号 状态 备注
1 2000081940   2000081940   旧书回溯/ [索取号:K835.16/61:3] 在馆    
2 2000082018   2000082018   旧书回溯/ [索取号:K835.16/61:3] 在馆    
山东省滨州职业学院图书馆 欢迎您!
大连网信软件有限公司© 版权所有